Demanda de tractores agrícolas en Costa Rica /

Bewaard in:
Bibliografische gegevens
Hoofdauteur: León Sáenz, Jorge
Andere auteurs: Pacheco Camacho, José Joaquín, Pastora Alice, Julio César
Formaat: Texto
Gepubliceerd in: San José: MAG. CAN
Onderwerpen:
Tags: Voeg label toe
Geen labels, Wees de eerste die dit record labelt!

MARC

LEADER 00000 a a2200000 04500
001 15049
003
040
090 |a 023900  
100 |a León Sáenz, Jorge  
245 |a Demanda de tractores agrícolas en Costa Rica /  |c Jorge León Sáenz 
260 |a San José:   |b MAG. CAN  
300 |a 19 p.  
650 |a MAQUINARIA AGRICOLA  
650 |a TRACTORES  
700 |a Pacheco Camacho, José Joaquín  
700 |a Pastora Alice, Julio César  
999 |c 17209  |d 17209